000 00824cam a2200229 4500
001 ABS62423
008 000000n2000 000 0 eng u
035 _a(Sirsi) u106464
100 _aPalmer, T.
245 _aThermal challenge
260 _c2000
490 _aHouseBuilder
_v59(5) June 2000, 32-34(3)
520 _aChanges to the thermal requirements of the building regulations are certain to boost demand for frame construction. Considers whether timber frame and steel frame suppliers are ready to increase their productivity substantially.
590 _aABS
650 _aBUILDING REGULATIONS PART L
650 _aTIMBER FRAME CONSTRUCTION
650 _aSTEEL FRAME CONSTRUCTION
650 _aTHERMAL INSULATION
650 _aNEW HOUSES
690 _aBUILT ENVIRONMENT-BUILDING MATERIALS
942 _n0
999 _c63772
_d63772